000 00771nas a2200253 4500
001 BR0808711
003 BR-BrBNA
005 20231205112913.0
007 ta
008 230509b bl.|||p| |||| 00| 00por d
040 _aBR-BrBNA
_bpor
_cBiblioteca Nacional de Agricultura
041 _a(Pt)
072 _aP10
100 1 _aRighetto, A.M.
100 1 _aRocha, M.A. da
245 1 _aExploração sustentada do aqüifero Dunas / Barreiras na cidade de Natal, RN
650 _aÁGUA
650 _aABASTECIMENTO
650 _aNATAL
650 _aRIO GRANDE DO NORTE
773 0 _tRevista Brasileira de Recursos Hídricos (Brazil)
_xISSN 1414-381X
_g(Apr-Mar 2005), v. 10(2) p. 27-39
_wBR0808711
909 _a202311
_bLúcia
_c55
_dLúcia Elande
942 _2AGRIS
_n0
_cANA
999 _c200699
_d200699